| 000 | 00999nam a2200277 a 4500 | ||
|---|---|---|---|
| 001 | BRCA_5002 | ||
| 005 | 20190320204910.0 | ||
| 008 | 281010s1951----sz-a######---#000-0#eng-# | ||
| 041 | _aeng | ||
| 044 | _asz | ||
| 050 | 4 |
_aND456 _b.D85 1951 |
|
| 100 | 1 |
_aDupont, Jacques _912752 |
|
| 245 | 1 | 0 |
_aThe New Developments in Art from Carvaggio to Vermer _ctext by Jacques Dupont and François Mathey ; translated by S.J.C. Harrison. |
| 260 |
_aGenova, Suiza _bSkira _c1951 |
||
| 300 |
_a136 p. _bil. (algunas a color) _c28 cm. |
||
| 440 | 0 |
_aThe great centuries of painting : The seventeenth century _912753 |
|
| 500 | _aIncluye noticias biográficas y bibliográficas e índice de ilustraciones y analítico | ||
| 500 | _aD108 | ||
| 650 | 1 | 4 |
_aPintura moderna _ySiglo XVII-XVIII _912754 |
| 650 | 1 | 4 |
_aPintura europea _912755 |
| 650 | 1 | 4 |
_aPintura _xHistoria _912756 |
| 700 | 1 |
_aMathey, François _eCoautor _912757 |
|
| 700 | 1 |
_aHarrison, S.J.C. _eTraductor _912758 |
|
| 902 | _aGFM | ||
| 942 |
_2lcc _cB |
||
| 999 |
_c4696 _d4696 |
||